Los catálogos de acceso público en línea: (Registro nro. 30612)

Detalles MARC
000 -LEADER
fixed length control field 00379nam a22000977a 4500
008 - FIXED-LENGTH DATA ELEMENTS--GENERAL INFORMATION
fixed length control field 240219b |||||||| |||| 00| 0 eng d
082 ## - DEWEY DECIMAL CLASSIFICATION NUMBER
Classification number 025.3132 F37c Ej.1
100 10 - MAIN ENTRY--PERSONAL NAME
Personal name Fernandez Molina, Juan Carlos
Relator term autor
9 (RLIN) 43439
245 ## - TITLE STATEMENT
Title Los catálogos de acceso público en línea:
Remainder of title EL futuro de la recuperación de información bibliográfica /
Statement of responsibility, etc. Juan Carlos Fernandez Molina
942 ## - ADDED ENTRY ELEMENTS (KOHA)
Source of classification or shelving scheme Dewey Decimal Classification
Existencias
Withdrawn status Lost status Source of classification or shelving scheme Damaged status Not for loan Home library Current library Shelving location Date acquired Total Checkouts Full call number Barcode Date last seen Date last checked out Price effective from Non-public note Koha item type Public note
    Dewey Decimal Classification     Biblored Biblioteca Pública José María del Castillo y Rada Children's Area 02/19/2024 1 025.3132 F37c Ej.1 35714001633479 02/20/2024 02/19/2024 02/19/2024 manchas con cinta Books Material Interbibliotecario BibloRed